000 00328nam a2200145Ia 4500
003 OSt
005 20240301101106.0
008 170524s9999 xx 000 0 und d
020 _a978-1260079173
040 _cIIMT UNIVERSITY
100 _aNoe Raymond
245 0 _aHUMAN RESOURCE MANAGEMENT
260 _aTMH
942 _2ddc
_c02
999 _c3082
_d3082